000 00302nam a22001337a 4500
008 170922b xxu||||| |||| 00| 0 eng d
020 _a9780495906438
041 _aeng
080 _a37
100 _a46
101 _aEDU
245 _aFOCUS ON COMMUNITY COLLEGE SUCCESS
_cSTALEY, C
942 _2udc
_cBK
999 _c29218
_d29218